00451nam a2200193 a 4500001001300000003000900013005001700022008004100039020001000080082001300090100001600103245001600119260003600135300000900171500003500180505001600215650001000231700001600241nice12345678IN_TiNIC20260116012237.0050524s1889 alla grp 000 0 urd  ac10000a245bALI aAli, Safdar aGhiza-I-Ruh aAllahabadbChurch Missionc1889 a339p aincludes index and biblioraphy2 aUrdu-Arabic aHymns1 aAli, Safdar